LIBRARY & INFORMATION CENTRE, KCAET, TAVANUR

ONLINE PUBLIC ACCESS CATALOGUE (OPAC)

Understanding and enjoyment / (Record no. 4718)

MARC details
000 -LEADER
fixed length control field 00400cam a2200157ua 4500
041 ## - LANGUAGE CODE
Language code of text/sound track or separate title eng
082 ## - DEWEY DECIMAL CLASSIFICATION NUMBER
Classification number 828.09
Item number GRI/UN
100 ## - MAIN ENTRY--AUTHOR NAME
Personal name Griffiths, D .
245 ## - TITLE STATEMENT
Title Understanding and enjoyment /
260 ## - PUBLICATION, DISTRIBUTION, ETC. (IMPRINT)
Place of publication London :
Name of publisher Oxford University Press ,
Year of publication 1962.
300 ## - PHYSICAL DESCRIPTION
Number of Pages 127 ; .
700 1# - ADDED ENTRY--PERSONAL NAME
Personal name Griffiths, A M .
942 ## - ADDED ENTRY ELEMENTS (KOHA)
Koha item type Books
Holdings
Withdrawn status Lost status Damaged status Home library Current library Date acquired Cost, normal purchase price Full call number Accession Number Koha item type Public note
Withdrawn     KAUAET Sanskrit University 07/04/2012 6.00 828.09 6574 Books Transferred to Sanskrit University
free website counter